LASERS AND NON - LINEAR OPTICS (Record no. 9268)
[ view plain ]
| 000 -LEADER | |
|---|---|
| fixed length control field | 00535nam a22001697a 4500 |
| 003 - CONTROL NUMBER IDENTIFIER | |
| control field | SGT |
| 020 ## - INTERNATIONAL STANDARD BOOK NUMBER | |
| International Standard Book Number | 9788122430561 |
| 082 ## - DEWEY DECIMAL CLASSIFICATION NUMBER | |
| Classification number | 535.58, LAU |
| 100 ## - MAIN ENTRY--PERSONAL NAME | |
| Personal name | LAUD B.B. |
| 245 ## - TITLE STATEMENT | |
| Title | LASERS AND NON - LINEAR OPTICS |
| 250 ## - EDITION STATEMENT | |
| Edition statement | 3RD |
| 260 ## - PUBLICATION, DISTRIBUTION, ETC. (IMPRINT) | |
| Place of publication, distribution, etc | NEW DELHI |
| Name of publisher, distributor, etc | NEW AGE |
| Year of Publication | 2015 |
| 300 ## - PAGE DESCRIPTION | |
| No. of Pages | 289 |
| 650 ## - SUBJECT ADDED ENTRY--TOPICAL TERM | |
| Topical term or geographic name as entry element | LIGHT AND RELATED RADIATION |
| 653 ## - KEYWORDS--INDEX TERM | |
| Keyword term | INTRODUCTION, EINSTEIN' QUANTUM THEORY OF RADIATION , INTERACTION OF RADIATION WITH MATTER, MASERS, BASIC PRINCIPLE OF LASERS, SOLID STATE LASERS, GAS LASERS, |
| 942 ## - ADDED ENTRY ELEMENTS (KOHA) | |
| Source of classification or shelving scheme | Dewey Decimal Classification |
| Koha item type | FPS Books |
| 942 ## - ADDED ENTRY ELEMENTS (KOHA) | |
| -- | 9 |
| Withdrawn status | Lost status | Source of classification or shelving scheme | Damaged status | Not for loan | Home library | Current library | Shelving location | Date acquired | Vendor Name | Cost, normal purchase price | SGTU | Bill Number | Total Checkouts | Full call number | Accession No. (Barcode) | Date last seen | Date last borrowed | Bill Date | Koha item type |
|---|---|---|---|---|---|---|---|---|---|---|---|---|---|---|---|---|---|---|---|
| Dewey Decimal Classification | SGT Science & Social Sciences Library | SGT Science & Social Sciences Library | Text Book | 27/06/2016 | KIRTI PRAKASHAN | 275.00 | SGTU | 2911 | 13 | 535.58, LAU | PS877 | 01/12/2023 | 22/11/2023 | 15/09/2015 | FPS Books | ||||
| Dewey Decimal Classification | Not For Loan | SGT Science & Social Sciences Library | SGT Science & Social Sciences Library | Reference Book | 27/06/2016 | KIRTI PRAKASHAN | 275.00 | SGTU | 2911 | 535.58, LAU | PS878 | 27/06/2016 | 15/09/2015 | FPS Books |